[Listy Jozefa Miloslava Hurbana Viliamovi Paulinymu-Tóthovi]

V liste z roku 1868 o národných a cirkevných záležitostiach, časopise Sokol; v liste z roku 1872 oznámenie o podpore martinského gymnázia od luteránskej cirkvi meklenburskej

Bibliographic Details
Main Author: Hurban, Jozef Miloslav, 1817-1888 (Author)
Format: Manuscript Book
Language:Slovak
German
PhysicalDescription:8 nečíslovaných strán rukopis, voľné listy 23-35 cm
Published: Hlboké 1868-1874
Subjects:

MARC

LEADER 00000ntmaa2200000 a 4500
001 vtls012061544
003 SK-MaSNL
005 20260425230955.0
008 251201i1868 xo || 000 i slo
035 |a urn:nbn:sk:snk-tm00g3p5 
035 |a urn:nbn:sk:snk-tm3n4g4 
035 |a FDD24FE2-E22E-491E-AB8A-3C4EAF11E815 
040 |a SNKLA  |b slo  |c SNKLA  |e AACR2 
041 0 |a slo  |a ger 
044 |a xo  |c SK 
080 |a 025.171  |2 2011 
080 |a (044)  |2 2011 
080 |a (430.249)  |2 2001 
080 |a (437.6)  |2 2011 
080 |a 336.563  |2 2001 
080 |a 329.73  |2 2011 
100 1 |a Hurban, Jozef Miloslav,  |d 1817-1888  |4 aut  |9 93005 
245 1 0 |a [Listy Jozefa Miloslava Hurbana Viliamovi Paulinymu-Tóthovi]  |c Hurban 
260 |a Hlboké  |c 1868-1874 
300 |a 8 nečíslovaných strán  |b rukopis, voľné listy  |c 23-35 cm 
500 |a Obsahuje dva listy 
520 2 |a V liste z roku 1868 o národných a cirkevných záležitostiach, časopise Sokol; v liste z roku 1872 oznámenie o podpore martinského gymnázia od luteránskej cirkvi meklenburskej 
546 |a Napísané slovensky, oznámenie o podpore gymnázia nemecky 
555 0 |a Inventár rukopisov Literárneho archívu MS V. Archív Slovenského národného múzea. Fondy M 1 - 50. Martin : Matica slovenská 1974 
561 |a Okrúhla pečiatka: Archiv Slovenského národného muzea v Turč. Sv. Martine 
561 |a Okrúhla pečiatka: Matica slovenská Martin Literárny archív 
610 2 7 |a Evanjelická cirkev a.v.  |2 SNKKA  |9 32425 
610 2 7 |a Evanjelické a. v. gymnasium v Turčianskom Sv. Martine  |2 SNKKA  |9 184446 
630 0 7 |a Sokol (časopis)  |2 SNKPH  |9 437201 
650 0 7 |a finančná podpora  |2 SNKPH  |9 28968 
650 0 7 |a národné hnutie  |2 SNKPH  |9 71486 
651 7 |a Slovensko  |2 SNKPHgeo  |9 14231 
651 7 |a Meklenbursko  |2 SNKPHgeo  |9 49304 
655 7 |a rukopisy  |2 SNKPH  |9 70548 
655 7 |a korešpondencia  |2 SNKPH  |9 60843 
655 7 |a listy  |2 SNKPH  |9 84490 
700 1 |a Pauliny-Tóth, Viliam,  |d 1826-1877  |4 rcp  |9 37125 
852 |a Slovenská národná knižnica  |b Literárny archív 
958 |a MOF 
958 |a LAVD 
999 |c 690971  |d 692901 
952 |a SNKLA  |b SNKLA  |c SNKLA_DEP  |y NEVYP  |7 0  |p 17A1312220  |o snkM 23 I 23  |0 0  |1 0  |4 0  |d 2021-07-12  |f 1  |l 0  |r 2026-02-23 20:26:38  |w 2026-02-23